| 000 | 00731cam a2200229 a 4500 | ||
|---|---|---|---|
| 001 | 12731289 | ||
| 005 | 20180315081418.0 | ||
| 008 | 020405s2003 nyua b 001 0 eng | ||
| 010 | _a 2002066113 | ||
| 020 | _a0321091027 (pbk.) | ||
| 040 |
_aDLC _cDLC _dDLC |
||
| 041 | _aeng | ||
| 080 | _a808.0427 BEH | ||
| 082 | 0 | 0 |
_a808.0427 BEH _221 |
| 100 | 1 | _a25 | |
| 101 | _aEDU | ||
| 245 | 1 | 0 |
_aWriting and reading across the curriculum / _cLaurence Behrens, Leonard J. Rosen. |
| 504 | _aIncludes bibliographical references and index. | ||
| 906 |
_a7 _bcbc _corignew _d1 _eocip _f20 _gy-gencatlg |
||
| 942 |
_2ddc _cBK |
||
| 999 |
_c45139 _d45139 |
||